000 00468nam a2200181Ia 4500
008 260206s9999 xx 000 0 und d
020 _a9781138733596
041 _aEnglish
082 _a159.9 KAL
100 _aKallio (Eeva K)
245 0 _aDevelopment of Adult Thinking
260 _bRoutledge Taylor & Francis Group
_aNew York
_c2020
300 _bPaper Back
_a235+20
365 _b4858.79
563 _aPaper Back
650 _a Psychology
942 _cREF
999 _c194601
_d194601